<?xml version="1.0" encoding="UTF-8"?>
<marc:record xmlns:marc="http://www.loc.gov/MARC21/slim">
   <marc:leader>00000nam a2200000 a 4500</marc:leader>
   <marc:datafield ind1="1" ind2=" " tag="100">
      <marc:subfield code="a">Marya, Sabine</marc:subfield>
      <marc:subfield code="4">aut</marc:subfield>
      <marc:subfield code="e">Verfasser/-in</marc:subfield>
   </marc:datafield>
   <marc:datafield ind1=" " ind2=" " tag="653">
      <marc:subfield code="a">Patientenorientierte Krankenpflege</marc:subfield>
   </marc:datafield>
   <marc:datafield ind1=" " ind2=" " tag="653">
      <marc:subfield code="a">Pflegepersonal</marc:subfield>
   </marc:datafield>
   <marc:datafield ind1=" " ind2=" " tag="653">
      <marc:subfield code="a">Arbeitsbelastung</marc:subfield>
   </marc:datafield>
   <marc:datafield ind1=" " ind2=" " tag="653">
      <marc:subfield code="a">Bewältigung</marc:subfield>
   </marc:datafield>
   <marc:datafield ind1=" " ind2=" " tag="653">
      <marc:subfield code="a">Selbsthilfe</marc:subfield>
   </marc:datafield>
   <marc:datafield ind1="0" ind2="0" tag="245">
      <marc:subfield code="a">Nur wer gut für sich sorgt, kann für andere sorgen</marc:subfield>
   </marc:datafield>
   <marc:datafield ind1="0" ind2="0" tag="245">
      <marc:subfield code="b">ein Selbsthilfe-Leitfaden für pflegende Fachkräfte und Angehörige</marc:subfield>
   </marc:datafield>
   <marc:datafield ind1="0" ind2="0" tag="245">
      <marc:subfield code="c">Sabine Marya</marc:subfield>
   </marc:datafield>
   <marc:datafield ind1=" " ind2="1" tag="264">
      <marc:subfield code="a">Neumünster</marc:subfield>
      <marc:subfield code="b">Paranus-Verl.</marc:subfield>
      <marc:subfield code="c">2011</marc:subfield>
   </marc:datafield>
   <marc:datafield ind1="1" ind2=" " tag="520">
      <marc:subfield code="a">Angaben aus der Verlagsmeldung

Nur wer gut für sich sorgt, Nur wer gut für sich sorgt, kann für andere sorgen : Ein Selbsthilfe-Leitfaden für pflegende Fachkräfte Ein Selbsthilfe-Leitfaden für pflegende Fachkräfte und Angehörige / von Sabine Marya

Sabine Maryas Buch ist kritische Bestandsaufnahme und Anleitung zur Selbsthilfe zugleich. Sie formuliert aus ihrer vielfältigen eigenen Erfahrung in der Pflege die eklatanten Missstände, aber auch die Möglichkeiten für eine befriedigende Pflegetätigkeit– sei es in Kliniken, Heimen oder als Angehörige zu Hause.
Ihr Credo: „Pflege ist heute ein lohnendes Geschäft, aber nicht für die Menschen, die andere pflegen. Von ihnen wird immer mehr verlangt, und sie sind einer Vielzahl an Belastungen ausgesetzt. Was neben einer gerechteren Entlohnung dringend fehlt, ist die Entlastung und bessere Unterstützung in der positiven und bewussten Gefühlsregulierung der Pflegenden. Es geht in unserem Leben nicht darum zu funktionieren! Es geht darum zu LEBEN!“
Dafür macht Marya in diesem Selbsthilfe-Leitfaden zahlreiche Vorschläge zur eigenen Reflexion: „Es ist an der Zeit, Unaussprechliches auszusprechen, sich ein positives Selbstbild aufzubauen und dafür zu sorgen, dass es nicht nur den Gepflegten besser geht, sondern auch den Pflegepersonen. Dabei möchte dieses Buch eine Unterstützung sein!“
</marc:subfield>
   </marc:datafield>
   <marc:datafield ind1=" " ind2=" " tag="020">
      <marc:subfield code="a">9783940636157</marc:subfield>
      <marc:subfield code="9">9783940636157</marc:subfield>
   </marc:datafield>
   <marc:datafield ind1=" " ind2=" " tag="041">
      <marc:subfield code="a">ger</marc:subfield>
   </marc:datafield>
   <marc:datafield ind1=" " ind2=" " tag="300">
      <marc:subfield code="a">198 S.</marc:subfield>
   </marc:datafield>
</marc:record>
